00636nam a2200169 a 450000100100000000500170001000800410002704000250006808200150009310000330010824500830014126000620022430000190028650000310030595201130033699900170044900003382220200930070540.0110913s1950 sp 000 0 spa d aDO-SdBNPbspacBNPHU axxxbM296h1 aManzano Manzano, Juan93486010aHistoria de las recopilaciones de indias :bSiglo XVI /cJuan Manzano Manzano. aMadrid, España :bEdiciones Cultura Hispánica,c1950. a1 t. ;c24 cm. aLa biblioteca posee tomo 1 001050718RVaGRbGRcCTd2011-09-13iLF1l0oxxx M296hp33822-10r2020-06-25w2020-06-25y1ZNo se presta c33313d33313